LDR 00909naa#a2200205#i#450# 001 EN\\bibl\126628 005 20260703165619.5 011 ## _a2587-6740 100 ## _a20260615b2026####ek#y0engy0150####ca 102 ## _aRU 200 1# _aComparative assessment of the success of crop production in the leading agricultural regions of the Central and the Volga Federal Districts _eJournal article 210 1# _aMoscow _cElectronic science _d2026 215 ## _a4 с. 608 ## _aJournal article _2local 675 ## _aРегиональная экономика. Территориальная экономика. 332.1 _aЭкономика сельского хозяйства. Продовольственный комплекс. 338.43 _z 700 #1 _aLatysheva _gZoya Ivanovna 700 #1 _aAleksandrova _gEkaterina Georgievna 700 #1 _aSkripkina _gElena Viktorovna 700 #1 _aYakovlev _gNikolai Aleksandrovich 856 4# _aqje.su _u